Návrh kanalizačnej siete v sídelnom útvare

Salvato in:
Dettagli Bibliografici
Autore principale: Bytčánková, Kristína (Autore)
Altri autori: Hrudka, Jaroslav (Relatore della tesi)
Natura: Manoscritto Libro
Lingua:slovacco
Pubblicazione: 2017
Soggetti:
Accesso online:http://is.stuba.sk/zp/portal_zp.pl?podrobnosti=117291
https://opac.crzp.sk/?fn=detailBiblioForm&sid=DF521320909666631A7DE0F290DD
Tags: Aggiungi Tag
Nessun Tag, puoi essere il primo ad aggiungerne!!

MARC

LEADER 00000ntm a22000003a 4500
001 stuzp62515
003 SK-STU
005 20230526131611.1
007 ta
008 150427s2015----xo-----f-mn---000-0-slo-d
040 |a STU  |b slo 
041 0 |a slo 
100 1 |a Bytčánková, Kristína  |u 010280  |4 aut  |U SvF Stavebná fakulta  |T SvF Katedra zdravotného inžinierstva  |X 75875  |U V280  |Y 29  |7 75875 
242 0 1 |a Design of a sewerage network in the residential area  |y eng 
245 1 0 |a Návrh kanalizačnej siete v sídelnom útvare 
260 |c 2017 
650 4 |a stoková sieť  |2 slo 
650 4 |a PVC potrubie  |2 slo 
650 4 |a čerpacia stanica  |2 slo 
650 4 |a sewerarage network  |2 eng 
650 4 |a PVC pipe  |2 eng 
650 4 |a pump station  |2 eng 
700 1 |a Hrudka, Jaroslav  |u 010280  |k Z1  |4 ths  |U SvF Stavebná fakulta  |T SvF Katedra zdravotného inžinierstva  |X 50522  |U V280  |Y 29  |7 A000050522 
856 4 |u http://is.stuba.sk/zp/portal_zp.pl?podrobnosti=117291 
856 4 |u https://opac.crzp.sk/?fn=detailBiblioForm&sid=DF521320909666631A7DE0F290DD